| 000 | 02734nac a22003611u 4500 | ||
|---|---|---|---|
| 008 | 091014t xxu||||| |||| 00| 0 eng d | ||
| 010 | _a 2004059084 | ||
| 020 | _a9780470233993 | ||
| 082 | 0 | 0 |
_a005.43 _bSIL |
| 100 |
_aSilberschatz, Abraham. _98856 |
||
| 245 | 1 | 0 |
_aOperating System Concepts / _cAbraham Silberschatz, Peter Baer Galvin, Greg Gagne. |
| 250 |
_a8th ed. _bInternational Student edition |
||
| 260 |
_aHoboken, NJ : _bJohn Wiley & Sons, _cc2010. |
||
| 300 |
_axx, 972 p. : _bcol. ill. ; _c27 cm. |
||
| 504 | _aIncludes bibliographical references and index. | ||
| 650 | 0 |
_aOperating systems (Computers) _98857 |
|
| 653 |
_bCS _cOctober2011 |
||
| 700 | 1 |
_aGalvin, Peter Baer _98858 |
|
| 700 | 1 |
_aGagne, Greg _98859 |
|
| 856 | 4 | 1 |
_3Table of contents only _uhttp://www.loc.gov/catdir/toc/wiley051/2004059084.html |
| 856 | 4 | 1 |
_3Contributor biographical information _uhttp://www.loc.gov/catdir/enhancements/fy0618/2004059084-b.html |
| 856 | 4 | 1 |
_3Publisher description _uhttp://www.loc.gov/catdir/enhancements/fy0618/2004059084-d.html |
| 942 |
_cBB _k005.43SIL _2ddc |
||
| 999 |
_c12790 _d12790 |
||